Management Information System/ (Record no. 190524)

MARC details
000 -LEADER
fixed length control field 00505nam a22001817a 4500
005 - DATE AND TIME OF LATEST TRANSACTION
control field 20220727141711.0
010 ## - LCCN (DPL NO)
LC control number ENG-134013
020 ## - INTERNATIONAL STANDARD BOOK NUMBER
International Standard Book Number 9788190979245
Terms of availability 85.00
035 ## - SYSTEM CONTROL NUMBER
System control number EN-117545
037 ## - SOURCE OF ACQUISITION
Source of stock number/acquisition DBAB/PUB
082 ## - DEWEY DECIMAL CLASSIFICATION NUMBER
Classification number 658.4038
100 ## - MAIN ENTRY--PERSONAL NAME
Personal name D. Suganyadevi
245 ## - TITLE STATEMENT
Title Management Information System/
Statement of responsibility, etc by D. Suganyadevi
260 ## - PUBLICATION, DISTRIBUTION, ETC. (IMPRINT)
Place of publication, distribution, etc Coimbatore
Name of publisher, distributor, etc Q Books
Date of publication, distribution, etc 2008
270 ## - ADDRESS
Address Racecourse
City Coimbatore
Postal code 641018
300 ## - PHYSICAL DESCRIPTION
Extent 132p.
Dimensions 20cm(pbk)
942 ## - ADDED ENTRY ELEMENTS (KOHA)
Source of classification or shelving scheme Dewey Decimal Classification
Item type English Books
Call number suffix DSU
Classification part 658.4038
Holdings
Withdrawn status Lost status Not for loan Collection code Home library Current library Date acquired Source of acquisition Cost, normal purchase price Full call number Barcode Copy number Cost, replacement price Koha item type
      Non-fiction Bawana Bawana 27/07/2022 DBAD/PUB 85.00 658.4038 DSU EN-117545 1 85.00 English Books

© Delhi Public Library
Hit Counter
free hit counter